000 00258nam a22001097a 4500
082 _a005.44 KAN'C
100 _aKANTARIS, NOEL
_960836
245 _aA CONCISE INTRODUCTION TO WINDOWS 3.0
260 _aNEW DELHI
_bARNOLD
_c1991
300 _a120P
942 _cBK
999 _c570462
_d570462